Pays traversés par le cercle polaire arctique - Statistiques

Statistiques générales
  • Ce quiz a été pris 237 fois
  • Le résultat moyen est 7 sur 8
Statistiques - réponses
Pays traversés % Correct
1 Canada
97%
7 Russie
97%
6 Norvège
95%
4 Finlande
94%
8 Suède
94%
2 Danemark (Groenland)
92%
5 Islande
90%
3 États-Unis
88%
Aucun quiz correspondant
Distribution des résultats
% des personnes avec chaque résultat
Percentile par nombre de réponses
Votre historique - résultats
Vous n’avez pas pris ce quiz